[Event "Montcalm op"]
[Site "Quebec CAN"]
[Date "2006.01.07"]
[Round "2"]
[White "Dion, Jean-Francois"]
[Black "Lemieux, Pierre"]
[Result "1/2-1/2"]
[WhiteElo "1925"]
[BlackElo "1894"]
[PlyCount "61"]
[EventDate "2006.01.06"]
[EventType "swiss"]
[EventRounds "5"]
[EventCountry "CAN"]

1. d4 Nf6 2. Nf3 g6 3. Bf4 d6 4. h3 Bg7 5. e3 e6 6. Nbd2 O-O 7. c3 Nbd7 8. Bh2
Qe7 9. Be2 b6 10. O-O Bb7 11. a4 e5 12. a5 e4 13. Ne1 Kh8 14. Nc2 Ng8 15. a6
Bc8 16. f3 exf3 17. Bxf3 Rb8 18. Kh1 Ndf6 19. e4 Bd7 20. e5 dxe5 21. Bxe5 Ne8
22. Bxg7+ Nxg7 23. Re1 Qh4 24. Re4 Qh6 25. Nf1 Rbe8 26. Rxe8 Rxe8 27. Qd2 Qh4
28. Re1 Rxe1 29. Qxe1 Qxe1 30. Nxe1 Bb5 31. Ne3 1/2-1/2

[Event "Montcalm op"]
[Site "Quebec CAN"]
[Date "2006.01.07"]
[Round "2"]
[White "Marquis, Paul"]
[Black "Caire, Francois"]
[Result "1-0"]
[WhiteElo "1900"]
[BlackElo "2212"]
[PlyCount "131"]
[EventDate "2006.01.06"]
[EventType "swiss"]
[EventRounds "5"]
[EventCountry "CAN"]

1. e4 c5 2. Nc3 Nc6 3. g3 g6 4. Bg2 Bg7 5. f4 d6 6. Nf3 e6 7. O-O Nge7 8. Ne2
e5 9. d3 O-O 10. c3 b6 11. Qc2 Ba6 12. Nh4 exf4 13. Bxf4 Qd7 14. Rad1 Rad8 15.
c4 Nd4 16. Nxd4 Bxd4+ 17. Kh1 Bb7 18. Bh6 Bg7 19. Bxg7 Kxg7 20. Qc3+ f6 21. Rf2
Nc6 22. Rdf1 Qe7 23. Nf3 Ne5 24. h3 Kg8 25. Ne1 Rf7 26. Nc2 Rdf8 27. Ne3 Nd7
28. Ng4 Kg7 29. Qd2 Qe6 30. Nh6 Re7 31. Kh2 Ne5 32. Rf4 Nxd3 33. Rh4 Ne5 34. b3
Ree8 35. Nf5+ Kg8 36. Rxh7 gxf5 37. Qh6 Qe7 38. Rh8+ Kf7 39. Qh7+ Ke6 40. Qxf5+
Kf7 41. Rh7+ Kg8 42. Rxe7 Rxe7 43. Rd1 Bc8 44. Qf4 Rd7 45. h4 Rdd8 46. Bh3 Bxh3
47. Kxh3 Rd7 48. Qf5 Rff7 49. Qe6 Kg7 50. Rxd6 Rxd6 51. Qxd6 Kg6 52. Qe6 Rd7
53. Qf5+ Kg7 54. h5 Rf7 55. g4 Rd7 56. g5 Rd3+ 57. Kg2 Rd2+ 58. Kf1 Rd6 59. Ke2
Nd7 60. Qg6+ Kf8 61. h6 Ne5 62. Qf5 Nc6 63. Qc8+ Kf7 64. Qc7+ Ke6 65. g6 Nd4+
66. Kf2 1-0

[Event "Montcalm op"]
[Site "Quebec CAN"]
[Date "2006.01.07"]
[Round "3"]
[White "Audet-Bouchard, Nicolas"]
[Black "Marquis, Paul"]
[Result "1-0"]
[WhiteElo "2202"]
[BlackElo "1900"]
[PlyCount "41"]
[EventDate "2006.01.06"]
[EventType "swiss"]
[EventRounds "5"]
[EventCountry "CAN"]

1. e4 d6 2. d4 Nf6 3. Nc3 g6 4. Be3 c6 5. Qd2 b5 6. Bd3 Nbd7 7. Nf3 Bb7 8. O-O
Bg7 9. e5 dxe5 10. dxe5 Ng4 11. e6 fxe6 12. Ng5 Qb8 13. Bf4 Be5 14. Bg3 Nxh2
15. Kxh2 Bxg3+ 16. fxg3 Nf6 17. Qf4 e5 18. Qh4 Kd7 19. Rad1 Kc7 20. Ne6+ Kb6
21. Na4+ 1-0

[Event "Montcalm op"]
[Site "Quebec CAN"]
[Date "2006.01.07"]
[Round "3"]
[White "Beaudoin, Stephane"]
[Black "Lessard, Claude"]
[Result "1-0"]
[WhiteElo "1970"]
[BlackElo "2066"]
[PlyCount "67"]
[EventDate "2006.01.06"]
[EventType "swiss"]
[EventRounds "5"]
[EventCountry "CAN"]

1. e4 d6 2. d4 g6 3. f4 Bg7 4. Nc3 c5 5. dxc5 Qa5 6. cxd6 exd6 7. Bd2 Ne7 8.
Nb5 Qb6 9. Bc3 Bxc3+ 10. bxc3 d5 11. Qd4 O-O 12. Bd3 Qa5 13. Qb4 Qxb4 14. cxb4
Nbc6 15. c3 dxe4 16. Bxe4 Nf5 17. Kf2 a5 18. Nc7 Ra7 19. b5 b6 20. bxc6 Rxc7
21. Ne2 Re8 22. Bf3 Nh4 23. Nd4 Nxf3 24. gxf3 Kf8 25. Rab1 Be6 26. Rxb6 Bxa2
27. Ra1 Be6 28. Rxa5 Bc8 29. Re5 f6 30. Rxe8+ Kxe8 31. Nb5 Re7 32. Rb8 Kd8 33.
Nd6 Rc7 34. Nxc8 1-0

[Event "Montcalm op"]
[Site "Quebec CAN"]
[Date "2006.01.07"]
[Round "3"]
[White "Fillion, Nicolas"]
[Black "Sicotte, Marc"]
[Result "1-0"]
[WhiteElo "1627"]
[BlackElo "2022"]
[PlyCount "49"]
[EventDate "2006.01.06"]
[EventType "swiss"]
[EventRounds "5"]
[EventCountry "CAN"]

1. e4 e6 2. d3 d5 3. Nd2 Nf6 4. Ngf3 c5 5. g3 Nc6 6. Bg2 Be7 7. O-O O-O 8. c3
b5 9. Re1 Rb8 10. e5 Nd7 11. d4 b4 12. c4 Ba6 13. cxd5 exd5 14. dxc5 Nxc5 15.
Nb3 Bc4 16. Nxc5 Bxc5 17. b3 Bb5 18. Qc2 Be7 19. Bb2 Qb6 20. e6 fxe6 21. Rxe6
Rbd8 22. Rc1 Rc8 23. Qd2 Qd8 24. Nd4 Bg5 25. f4 1-0

[Event "Montcalm op"]
[Site "Quebec CAN"]
[Date "2006.01.07"]
[Round "3"]
[White "L'Heureux, Clement"]
[Black "Berube, Antoine"]
[Result "0-1"]
[WhiteElo "1918"]
[BlackElo "2052"]
[PlyCount "36"]
[EventDate "2006.01.06"]
[EventType "swiss"]
[EventRounds "5"]
[EventCountry "CAN"]

1. e4 c5 2. Nf3 d6 3. d4 cxd4 4. Nxd4 Nf6 5. Nc3 a6 6. Bg5 e6 7. f4 b5 8. e5
dxe5 9. fxe5 Qc7 10. Qe2 Nfd7 11. O-O-O Nc6 12. Nxc6 Qxc6 13. Qd3 Qc7 14. Qg3
Bb7 15. h4 b4 16. Ne2 Rc8 17. Nd4 Bc5 18. Nb3 Be3+ 0-1

[Event "Montcalm op"]
[Site "Quebec CAN"]
[Date "2006.01.07"]
[Round "3"]
[White "Lemieux, Pierre"]
[Black "Caire, Francois"]
[Result "0-1"]
[WhiteElo "1894"]
[BlackElo "2212"]
[PlyCount "106"]
[EventDate "2006.01.06"]
[EventType "swiss"]
[EventRounds "5"]
[EventCountry "CAN"]

1. d4 Nf6 2. Nf3 e6 3. Bf4 c5 4. e3 d5 5. c3 Nc6 6. Nbd2 Bd6 7. Ne5 O-O 8. Bb5
Ne7 9. Be2 b6 10. g4 Qc7 11. Bg3 Nd7 12. Nxd7 Bxd7 13. Bxd6 Qxd6 14. O-O e5 15.
dxe5 Qxe5 16. Nf3 Qc7 17. h3 Rad8 18. b4 f5 19. Nh2 cxb4 20. cxb4 Qd6 21. Qb3
Qh6 22. Kg2 Kh8 23. b5 f4 24. Qb4 Ng6 25. Qd4 Nh4+ 26. Kg1 f3 27. Bd3 Ng6 28.
Kh1 Qxh3 29. Rg1 Qh4 30. Rg3 Qf6 31. Qxf6 Rxf6 32. g5 Rff8 33. Bxg6 hxg6 34.
Nxf3 Bxb5 35. Kg2 Rfe8 36. Nd4 Bc4 37. f4 Bd3 38. Rh1+ Kg8 39. Kf2 Rc8 40. Rgh3
Kf7 41. Rd1 Be4 42. Rd2 Rc5 43. a4 a6 44. Rb2 Rb8 45. Rh7 Rc4 46. a5 b5 47. Kg3
Rc3 48. Kf2 Rbc8 49. Nf3 Bxf3 50. Kxf3 d4 51. f5 Rxe3+ 52. Kf4 Rce8 53. fxg6+
Kxg6 0-1

[Event "Montcalm op"]
[Site "Quebec CAN"]
[Date "2006.01.07"]
[Round "3"]
[White "Marquardt, Christian"]
[Black "Laflamme, Simon"]
[Result "1-0"]
[WhiteElo "2061"]
[BlackElo "1913"]
[PlyCount "61"]
[EventDate "2006.01.06"]
[EventType "swiss"]
[EventRounds "5"]
[EventCountry "CAN"]

1. d4 Nf6 2. Nf3 c5 3. d5 b5 4. e3 Qa5+ 5. Bd2 b4 6. c4 g6 7. Qc2 d6 8. e4 Bg7
9. Bd3 Nbd7 10. h3 O-O 11. O-O Nb6 12. Bg5 Re8 13. Nbd2 Qa4 14. Nb3 Qd7 15. a3
a5 16. axb4 axb4 17. Rxa8 Nxa8 18. e5 Nh5 19. Be3 dxe5 20. Nxc5 Qc7 21. Qa4 Rd8
22. Qxa8 Bxh3 23. Qb7 Qa5 24. gxh3 f5 25. Ne6 e4 26. Nxd8 Qxd8 27. Ra1 Bf8 28.
Ra8 Qd6 29. c5 Qf6 30. Bd4 Qf7 31. Ng5 1-0

[Event "Montcalm op"]
[Site "Quebec CAN"]
[Date "2006.01.07"]
[Round "3"]
[White "Papineau (Granby), Daniel"]
[Black "Dorion, Francois"]
[Result "1-0"]
[WhiteElo "1988"]
[BlackElo "1814"]
[PlyCount "63"]
[EventDate "2006.01.06"]
[EventType "swiss"]
[EventRounds "5"]
[EventCountry "CAN"]

1. d4 Nf6 2. c4 e5 3. d5 d6 4. Nc3 Be7 5. e4 O-O 6. h3 Nbd7 7. g4 Nc5 8. Bg2 a5
9. Nge2 b6 10. Ng3 Ba6 11. Qe2 a4 12. O-O Nfd7 13. Rb1 Bg5 14. b4 axb3 15. axb3
Bxc1 16. Rfxc1 Qg5 17. Rd1 Nf6 18. b4 Ncd7 19. Nf5 g6 20. Ne3 h5 21. Ra1 Kg7
22. Ra2 hxg4 23. hxg4 Bb7 24. Rda1 Rxa2 25. Rxa2 Rh8 26. Ra7 Bc8 27. f3 Nf8 28.
Rxc7 Bd7 29. Nf1 Bxg4 30. fxg4 Nxg4 31. Qf3 Qf4 32. Nb5 1-0

[Event "Montcalm op"]
[Site "Quebec CAN"]
[Date "2006.01.08"]
[Round "4"]
[White "Auger, Bertrand"]
[Black "L'Heureux, Clement"]
[Result "1-0"]
[WhiteElo "2021"]
[BlackElo "1918"]
[PlyCount "65"]
[EventDate "2006.01.06"]
[EventType "swiss"]
[EventRounds "5"]
[EventCountry "CAN"]

1. Nf3 Nf6 2. g3 g6 3. b4 b6 4. Bg2 Bb7 5. O-O Bg7 6. Bb2 O-O 7. d3 d6 8. c4 a6
9. Nbd2 Nbd7 10. a4 c6 11. Qc2 Qc7 12. Bc3 Rac8 13. Qb2 Qb8 14. Rab1 Qa8 15. d4
Rb8 16. Qa1 Rfd8 17. Rfe1 Ne8 18. e4 e5 19. dxe5 Nxe5 20. Nxe5 dxe5 21. c5 b5
22. a5 Bc8 23. Nf1 Be6 24. Bxe5 Rd3 25. Bxg7 Nxg7 26. Rbd1 Rbd8 27. Ne3 R8d7
28. Rxd3 Rxd3 29. Rd1 Qd8 30. Rxd3 Qxd3 31. Qd1 Bc4 32. Qxd3 Bxd3 33. e5 1-0

[Event "Montcalm op"]
[Site "Quebec CAN"]
[Date "2006.01.08"]
[Round "4"]
[White "Berube, Antoine"]
[Black "Marquardt, Christian"]
[Result "1-0"]
[WhiteElo "2052"]
[BlackElo "2061"]
[PlyCount "59"]
[EventDate "2006.01.06"]
[EventType "swiss"]
[EventRounds "5"]
[EventCountry "CAN"]

1. e4 c6 2. d4 d5 3. Nd2 dxe4 4. Nxe4 Nf6 5. Nxf6+ exf6 6. c3 Bd6 7. Bd3 O-O 8.
Qc2 Re8+ 9. Ne2 g6 10. Be3 Be6 11. O-O-O Qa5 12. b3 Qc7 13. h4 Nd7 14. h5 Nf8
15. hxg6 fxg6 16. Rh4 c5 17. Rdh1 c4 18. bxc4 f5 19. d5 Bf7 20. Bh6 Nd7 21. Nd4
a6 22. Nxf5 Ba3+ 23. Kd1 gxf5 24. Bxf5 Nf8 25. Bxh7+ Kh8 26. Bg5 Kg7 27. Rg4
Ng6 28. Bxg6 Bxg6 29. Bh6+ Kh8 30. Qxg6 1-0

[Event "Montcalm op"]
[Site "Quebec CAN"]
[Date "2006.01.08"]
[Round "4"]
[White "Caire, Francois"]
[Black "Audet-Bouchard, Nicolas"]
[Result "1-0"]
[WhiteElo "2212"]
[BlackElo "2202"]
[PlyCount "73"]
[EventDate "2006.01.06"]
[EventType "swiss"]
[EventRounds "5"]
[EventCountry "CAN"]

1. d4 Nf6 2. c4 d6 3. Nc3 Nbd7 4. e4 e5 5. Nf3 Be7 6. g3 O-O 7. Bg2 c6 8. O-O
Re8 9. Qc2 Bf8 10. Rd1 exd4 11. Nxd4 g6 12. b3 Bg7 13. Bb2 Qb6 14. h3 Nc5 15.
Nde2 a5 16. Ba3 Be6 17. Rxd6 Bxh3 18. Bxh3 Ncxe4 19. c5 Nxc5 20. Rf1 Nfe4 21.
Rdd1 f5 22. Bg2 Nxc3 23. Nxc3 Ne6 24. Na4 Qb5 25. Bb2 Bxb2 26. Nxb2 f4 27. Qc4
Qf5 28. Rfe1 fxg3 29. fxg3 b5 30. Qxc6 Rac8 31. Qd5 Qf6 32. Bh3 Rc2 33. Bxe6+
Kg7 34. Nd3 Rxa2 35. Nf4 Qc3 36. Qg5 Qc7 37. Nh5+ 1-0

[Event "Montcalm op"]
[Site "Quebec CAN"]
[Date "2006.01.08"]
[Round "4"]
[White "Cournoyer, Dominic"]
[Black "Lemieux, Pierre"]
[Result "0-1"]
[WhiteElo "1708"]
[BlackElo "1894"]
[PlyCount "108"]
[EventDate "2006.01.06"]
[EventType "swiss"]
[EventRounds "5"]
[EventCountry "CAN"]

1. c4 Nf6 2. Nc3 g6 3. Nf3 Bg7 4. g3 d6 5. Bg2 e5 6. d3 c6 7. Be3 Nbd7 8. Qb3
Ng4 9. Bg5 f6 10. Bd2 Nc5 11. Qc2 Qb6 12. O-O Qc7 13. Qc1 f5 14. b4 Ne6 15. Rb1
O-O 16. b5 Bd7 17. a4 Nf6 18. Ng5 Nc5 19. Be3 Ne6 20. Nxe6 Bxe6 21. bxc6 bxc6
22. Qa3 Rab8 23. Rxb8 Rxb8 24. Rb1 Rxb1+ 25. Nxb1 Ng4 26. Qb4 Nxe3 27. fxe3 Bf8
28. Qb3 a6 29. Kf2 Bh6 30. d4 e4 31. Nd2 Qa5 32. Qb8+ Bf8 33. Nxe4 fxe4 34.
Bxe4 Qxa4 35. Qe8 Bf7 36. Qa8 d5 37. cxd5 cxd5 38. Bxd5 Qd7 39. Bxf7+ Qxf7+ 40.
Kg2 Qc4 41. Kf2 Qb5 42. Ke1 a5 43. Qc8 Qb1+ 44. Kd2 Qb2+ 45. Ke1 Qb1+ 46. Kd2
Qa2+ 47. Ke1 a4 48. e4 a3 49. d5 Qb1+ 50. Kd2 Qxe4 51. Kc1 Qxd5 52. Qe8 Qc4+
53. Kd1 Qb3+ 54. Ke1 a2 0-1

[Event "Montcalm op"]
[Site "Quebec CAN"]
[Date "2006.01.08"]
[Round "4"]
[White "Dion, Jean-Francois"]
[Black "Pilotte, Benoit"]
[Result "1/2-1/2"]
[WhiteElo "1925"]
[BlackElo "1750"]
[PlyCount "54"]
[EventDate "2006.01.06"]
[EventType "swiss"]
[EventRounds "5"]
[EventCountry "CAN"]

1. d4 Nf6 2. Nf3 g6 3. Bf4 Bg7 4. h3 c5 5. c3 cxd4 6. cxd4 d5 7. e3 Qb6 8. Qb3
Qxb3 9. axb3 Bf5 10. Nc3 O-O 11. g4 Be4 12. Nxe4 Nxe4 13. Bd3 Nc6 14. Rc1 Nb4
15. Bb1 Rac8 16. Ke2 f6 17. Nd2 Nxd2 18. Kxd2 e5 19. Bg3 exd4 20. Bd6 dxe3+ 21.
fxe3 Nc6 22. Bxf8 Rxf8 23. Rhf1 d4 24. e4 Bh6+ 25. Ke2 Bxc1 26. Rxc1 Rd8 27.
Bd3 Kf8 1/2-1/2

[Event "Montcalm op"]
[Site "Quebec CAN"]
[Date "2006.01.08"]
[Round "4"]
[White "Fillion, Nicolas"]
[Black "Beaudoin, Stephane"]
[Result "0-1"]
[WhiteElo "1627"]
[BlackElo "1970"]
[PlyCount "54"]
[EventDate "2006.01.06"]
[EventType "swiss"]
[EventRounds "5"]
[EventCountry "CAN"]

1. e4 g6 2. d4 Bg7 3. Nc3 d6 4. f4 Nf6 5. Nf3 O-O 6. Bd3 Na6 7. O-O c5 8. Bxa6
cxd4 9. Nxd4 bxa6 10. Be3 Ng4 11. Qd3 Bb7 12. f5 Nxe3 13. Qxe3 Rc8 14. Nd5 Bxd5
15. exd5 Qb6 16. c3 Rc5 17. Qxe7 Rxd5 18. f6 Re5 19. Qd7 Bh6 20. Kh1 Qxb2 21.
Qxd6 Re3 22. Nc6 Qxc3 23. Ne7+ Kh8 24. Rac1 Qe5 25. Qxa6 Re2 26. Rc8 Re1 27.
Rc5 Rxf1+ 0-1

[Event "Montcalm op"]
[Site "Quebec CAN"]
[Date "2006.01.08"]
[Round "4"]
[White "Papineau (Granby), Daniel"]
[Black "Marquis, Paul"]
[Result "1/2-1/2"]
[WhiteElo "1988"]
[BlackElo "1900"]
[PlyCount "101"]
[EventDate "2006.01.06"]
[EventType "swiss"]
[EventRounds "5"]
[EventCountry "CAN"]

1. d4 Nf6 2. c4 g6 3. Nc3 Bg7 4. e4 d6 5. f4 Na6 6. Nf3 O-O 7. Bd3 e5 8. fxe5
dxe5 9. dxe5 Ng4 10. Bg5 Qd7 11. Nd5 h6 12. Be7 Re8 13. Nf6+ Nxf6 14. exf6 Rxe7
15. fxe7 Bxb2 16. Rb1 Bc3+ 17. Kf2 Qxe7 18. Qc1 Bg7 19. Qe3 Nc5 20. Rhd1 b6 21.
Rbc1 Bb7 22. Re1 Rd8 23. Rcd1 Qe6 24. Kg1 Re8 25. e5 Qg4 26. Bf1 Ba6 27. h3 Qg3
28. Rd4 h5 29. Red1 Bb7 30. Rd8 Rxd8 31. Rxd8+ Bf8 32. Qg5 Qxg5 33. Nxg5 Kg7
34. Re8 Bc6 35. Rc8 Be7 36. Rxc7 Bxg5 37. Rxc6 Be3+ 38. Kh1 Bd4 39. Rc7 a5 40.
Rc6 Ne4 41. g3 Nxg3+ 42. Kg2 Nf5 43. Kf3 Ne7 44. Rc7 Bc5 45. Bd3 g5 46. Be4 Bb4
47. Rd7 Kf8 48. Rb7 Bc5 49. Bd5 Kg7 50. Ke4 Kg6 51. Rd7 1/2-1/2

[Event "Montcalm op"]
[Site "Quebec CAN"]
[Date "2006.01.08"]
[Round "5"]
[White "Audet-Bouchard, Nicolas"]
[Black "Papineau (Granby), Daniel"]
[Result "1-0"]
[WhiteElo "2202"]
[BlackElo "1988"]
[PlyCount "49"]
[EventDate "2006.01.06"]
[EventType "swiss"]
[EventRounds "5"]
[EventCountry "CAN"]

1. e4 e5 2. Nf3 Nc6 3. Bb5 a6 4. Ba4 Nf6 5. O-O b5 6. Bb3 Bc5 7. Nxe5 Nxe5 8.
d4 Bxd4 9. Qxd4 d6 10. f4 c5 11. Qd1 Neg4 12. c4 Bb7 13. h3 h5 14. Nc3 Nh6 15.
cxb5 axb5 16. Nxb5 O-O 17. Nxd6 Bxe4 18. Be3 Qe7 19. Bxc5 Rfd8 20. Nxe4 Qxe4
21. Qf3 Qf5 22. Bb6 Re8 23. Rfe1 Qb5 24. Bd4 Qa5 25. Re5 1-0

[Event "Montcalm op"]
[Site "Quebec CAN"]
[Date "2006.01.08"]
[Round "5"]
[White "Caire, Francois"]
[Black "Berube, Antoine"]
[Result "0-1"]
[WhiteElo "2212"]
[BlackElo "2052"]
[PlyCount "72"]
[EventDate "2006.01.06"]
[EventType "swiss"]
[EventRounds "5"]
[EventCountry "CAN"]

1. d4 d5 2. Nf3 Nf6 3. c4 c6 4. cxd5 cxd5 5. Bf4 Nc6 6. Nc3 a6 7. Rc1 Bf5 8. e3
e6 9. Be2 Bd6 10. Bg5 h6 11. Bxf6 Qxf6 12. O-O O-O 13. Na4 Qe7 14. a3 Rac8 15.
Qd2 Qd8 16. Nc5 Bxc5 17. Rxc5 Qd6 18. Rfc1 Rc7 19. Ne5 Rfc8 20. g4 Bg6 21. Qc3
Kh7 22. Nxg6 Kxg6 23. Qc2+ Kf6 24. Qh7 Ne7 25. f4 Ng6 26. g5+ hxg5 27. fxg5+
Kxg5 28. Rf1 f5 29. h4+ Kf6 30. Qh5 Qg3+ 31. Kh1 Qh3+ 32. Kg1 Qg3+ 33. Kh1 Rxc5
34. Qg5+ Qxg5 35. hxg5+ Kxg5 36. dxc5 Rxc5 0-1

[Event "Montcalm op"]
[Site "Quebec CAN"]
[Date "2006.01.08"]
[Round "5"]
[White "Caron, Sebastien"]
[Black "Fillion, Nicolas"]
[Result "1-0"]
[WhiteElo "1811"]
[BlackElo "1627"]
[PlyCount "75"]
[EventDate "2006.01.06"]
[EventType "swiss"]
[EventRounds "5"]
[EventCountry "CAN"]

1. e4 e5 2. Nf3 Nc6 3. Bb5 a6 4. Ba4 Nf6 5. O-O b5 6. Bb3 Be7 7. Re1 d6 8. c3
O-O 9. h3 Na5 10. Bc2 c5 11. d4 Qc7 12. d5 Nb7 13. Nbd2 c4 14. Nf1 Ne8 15. Ng3
g6 16. Nh2 Nd8 17. Ng4 Ng7 18. Nh6+ Kh8 19. Rf1 Bh4 20. Ne2 f5 21. f4 exf4 22.
exf5 Nxf5 23. Nxf5 Bxf5 24. Rxf4 Qa7+ 25. Kh2 Bf6 26. Rf3 Bxc2 27. Qxc2 Be5+
28. Bf4 Nf7 29. Raf1 Kg8 30. Bxe5 Nxe5 31. Rxf8+ Rxf8 32. Rxf8+ Kxf8 33. Nd4
Qf7 34. Ne6+ Ke7 35. Qd2 Nd3 36. Qe3 Qf5 37. Qa7+ Kf6 38. Qg7# 1-0

[Event "Montcalm op"]
[Site "Quebec CAN"]
[Date "2006.01.08"]
[Round "5"]
[White "Laflamme, Simon"]
[Black "Auger, Bertrand"]
[Result "1-0"]
[WhiteElo "1913"]
[BlackElo "2021"]
[PlyCount "73"]
[EventDate "2006.01.06"]
[EventType "swiss"]
[EventRounds "5"]
[EventCountry "CAN"]

1. d4 e6 2. Nf3 Nf6 3. Nc3 d5 4. Bg5 Be7 5. Bxf6 Bxf6 6. e4 dxe4 7. Nxe4 Be7 8.
Bc4 O-O 9. Qe2 Nd7 10. O-O-O c6 11. h4 Nb6 12. Bd3 Nd5 13. g3 Nb4 14. Neg5
Nxd3+ 15. Qxd3 g6 16. Qe3 Qd5 17. h5 h6 18. Ne4 g5 19. Kb1 Bd7 20. Ne5 Be8 21.
Ng4 Kg7 22. Nc3 Qf5 23. Ne5 Rd8 24. Ne2 Rd6 25. g4 Qh7 26. Ng3 Rd5 27. f4 Rd8
28. Qb3 b6 29. f5 exf5 30. Nxf5+ Kf6 31. Rhf1 Rd5 32. Ne3+ Ke6 33. Nxd5 cxd5
34. Rde1 Bd6 35. Ng6+ Kd7 36. Nxf8+ Bxf8 37. Qb5+ 1-0

[Event "Montcalm op"]
[Site "Quebec CAN"]
[Date "2006.01.08"]
[Round "5"]
[White "Marquardt, Christian"]
[Black "Beaudoin, Stephane"]
[Result "1/2-1/2"]
[WhiteElo "2061"]
[BlackElo "1970"]
[PlyCount "55"]
[EventDate "2006.01.06"]
[EventType "swiss"]
[EventRounds "5"]
[EventCountry "CAN"]

1. Nc3 g6 2. e4 Bg7 3. d4 d6 4. Be3 c6 5. Nge2 Nd7 6. g3 e6 7. Bg2 Ne7 8. O-O
O-O 9. Qd2 d5 10. Bh6 Bxh6 11. Qxh6 dxe4 12. Nxe4 Nf5 13. Qd2 Nf6 14. Rad1 Nxe4
15. Bxe4 Nd6 16. Bg2 Qc7 17. Nf4 e5 18. dxe5 Nc4 19. Qc3 Nxe5 20. Rfe1 f6 21.
Nd5 Qf7 22. f4 cxd5 23. Bxd5 Be6 24. Bxe6 Qxe6 25. fxe5 Rac8 26. Qb4 fxe5 27.
c3 Rf7 28. Rf1 1/2-1/2

[Event "Montcalm op"]
[Site "Quebec CAN"]
[Date "2006.01.08"]
[Round "5"]
[White "Marquis, Paul"]
[Black "Lemieux, Pierre"]
[Result "0-1"]
[WhiteElo "1900"]
[BlackElo "1894"]
[PlyCount "50"]
[EventDate "2006.01.06"]
[EventType "swiss"]
[EventRounds "5"]
[EventCountry "CAN"]

1. e4 e6 2. d4 d5 3. Nc3 Nf6 4. Bg5 Be7 5. e5 Nfd7 6. Bxe7 Qxe7 7. f4 a6 8. Nf3
c5 9. dxc5 Nxc5 10. Be2 Nc6 11. O-O Qc7 12. Kh1 b5 13. a3 Bb7 14. b4 Ne4 15.
Nxe4 dxe4 16. Ng5 Rd8 17. Qe1 Nd4 18. Rc1 h6 19. Nh3 Nxe2 20. Qxe2 Qc3 21. Qg4
O-O 22. f5 exf5 23. Rxf5 Bc8 24. Qxe4 Bxf5 25. Qxf5 Rd5 0-1

[Event "Montcalm op U1800"]
[Site "Quebec CAN"]
[Date "2006.01.06"]
[Round "1"]
[White "Gagnon, Francois"]
[Black "Hebert, Marc"]
[Result "1/2-1/2"]
[WhiteElo "1546"]
[BlackElo "1772"]
[PlyCount "78"]
[EventDate "2006.01.06"]
[EventType "swiss"]
[EventRounds "5"]
[EventCountry "CAN"]

1. e4 e5 2. Nf3 Nc6 3. Bc4 Bc5 4. b4 Bxb4 5. c3 Be7 6. d4 Na5 7. Be2 Nf6 8.
dxe5 Nxe4 9. Qd5 Nc5 10. O-O c6 11. Qd4 Ne6 12. Qg4 h5 13. Qg3 g5 14. Rd1 c5
15. c4 g4 16. Nfd2 Nd4 17. Bd3 b5 18. Nc3 bxc4 19. Nxc4 Nxc4 20. Bxc4 Bb7 21.
Nb5 Qb6 22. Rb1 Qc6 23. Nxd4 cxd4 24. Bb5 Qe4 25. Bd3 Qd5 26. Rb5 Qc6 27. Bf1
Ba6 28. Rb3 Bxf1 29. Kxf1 Qa6+ 30. Kg1 Qxa2 31. Rxd4 Rc8 32. Rd1 Qc2 33. Qd3
Qxc1 34. Qxd7+ Kf8 35. Rb7 Qc5 36. Rd5 Qc1+ 37. Rd1 Qc5 38. Rd5 Qxd5 39. Qxe7+
Kg8 1/2-1/2

[Event "Montcalm op U1800"]
[Site "Quebec CAN"]
[Date "2006.01.07"]
[Round "2"]
[White "Bourassa, Samuel"]
[Black "Boutin, Jean-Roger"]
[Result "1-0"]
[WhiteElo "1747"]
[BlackElo "1626"]
[PlyCount "61"]
[EventDate "2006.01.06"]
[EventType "swiss"]
[EventRounds "5"]
[EventCountry "CAN"]

1. e4 e5 2. Nf3 Nc6 3. d4 exd4 4. Nxd4 h6 5. Be3 d6 6. Nc3 Nf6 7. Be2 Be7 8.
Qd2 Bd7 9. O-O-O a6 10. f3 b5 11. Nd5 Nxd5 12. exd5 Ne5 13. h3 g5 14. Rhf1 Ng6
15. Kb1 Nh4 16. f4 Nxg2 17. Bh5 Nxe3 18. Qxe3 O-O 19. fxg5 Bxg5 20. Qe4 Bxh3
21. Rf2 Qe7 22. Qf3 Bd7 23. Nf5 Bxf5 24. Qxf5 Rae8 25. a3 Qe5 26. Bxf7+ Kg7 27.
Qg6+ Kh8 28. Rf5 Qe2 29. Rg1 Re7 30. Rfxg5 Rfxf7 31. Qg8# 1-0

[Event "Montcalm op U1800"]
[Site "Quebec CAN"]
[Date "2006.01.08"]
[Round "5"]
[White "Bourassa, Samuel"]
[Black "Monga, Alain"]
[Result "1-0"]
[WhiteElo "1747"]
[BlackElo "1546"]
[PlyCount "57"]
[EventDate "2006.01.06"]
[EventType "swiss"]
[EventRounds "5"]
[EventCountry "CAN"]

1. e4 c6 2. d4 d5 3. e5 Bf5 4. Nc3 h6 5. g4 Bh7 6. Be3 e6 7. f4 Nd7 8. Nf3 Qb6
9. Rb1 O-O-O 10. Bd3 Bxd3 11. cxd3 f6 12. Qe2 Ne7 13. O-O h5 14. g5 Nf5 15. Bf2
Re8 16. Rfc1 fxe5 17. fxe5 h4 18. b4 Qd8 19. b5 Nb8 20. Qb2 Kd7 21. bxc6+ bxc6
22. Qb7+ Qc7 23. Qxc7+ Kxc7 24. Nb5+ Kd7 25. Nxa7 Kc7 26. Be1 Na6 27. Ba5+ Kd7
28. Rb7+ Nc7 29. Rxc7+ 1-0

[Event "Montcalm-ch"]
[Site "Quebec CAN"]
[Date "2006.04.27"]
[Round "1"]
[White "Auger, Bertrand"]
[Black "Caron, Sebastien"]
[Result "1/2-1/2"]
[WhiteElo "2023"]
[BlackElo "1912"]
[PlyCount "47"]
[EventDate "2006.04.27"]
[EventType "tourn"]
[EventRounds "5"]
[EventCountry "CAN"]

1. Nf3 d5 2. g3 Bg4 3. Bg2 Nd7 4. O-O e5 5. d3 Ngf6 6. h3 Bh5 7. c4 c6 8. cxd5
Nxd5 9. Nbd2 f6 10. Nc4 N7b6 11. a3 Qd7 12. Nxb6 Nxb6 13. b4 Bxf3 14. Bxf3 Qxh3
15. e4 Qe6 16. Bg4 Qf7 17. f4 Bd6 18. Bb2 Nd7 19. d4 h5 20. Bh3 exf4 21. gxf4
Qg6+ 22. Bg2 h4 23. f5 Qg3 24. Qf3 1/2-1/2

[Event "Montcalm-ch"]
[Site "Quebec CAN"]
[Date "2006.04.27"]
[Round "1"]
[White "L'Heureux, Clement"]
[Black "Berube, Antoine"]
[Result "0-1"]
[WhiteElo "1912"]
[BlackElo "2175"]
[PlyCount "143"]
[EventDate "2006.04.27"]
[EventType "tourn"]
[EventRounds "5"]
[EventCountry "CAN"]

1. d4 d5 2. Nc3 Nf6 3. Bg5 Nbd7 4. e3 e6 5. Bd3 c5 6. Nf3 Qa5 7. O-O c4 8. Be2
b5 9. a3 Be7 10. Re1 h6 11. Bh4 Bb7 12. Bf1 O-O 13. Ne5 Rfe8 14. f4 Qb6 15.
Bxf6 Nxf6 16. g3 a5 17. Bg2 b4 18. Nb1 Rec8 19. Qd2 Bd6 20. Rf1 Ba6 21. c3 bxa3
22. Nxa3 Rab8 23. Rfb1 Rc7 24. Qc1 Ra7 25. Bf3 Qc7 26. Nc2 Bb5 27. Ng4 Nxg4 28.
Bxg4 Bd7 29. Bd1 Rab7 30. Ne1 Bc6 31. Nf3 Be7 32. Bc2 Bd8 33. Ra2 f6 34. Qd1
Qd7 35. Kg2 Bc7 36. h3 a4 37. Qc1 Bd6 38. Rba1 a3 39. Rb1 Ba4 40. bxa3 Bxc2 41.
Rxb7 Qxb7 42. Qxc2 Qb3 43. a4 Qxc2+ 44. Rxc2 Rb3 45. Nd2 Ra3 46. e4 Rxa4 47.
exd5 exd5 48. Nf1 Ra5 49. Ne3 Kf7 50. Kf3 Ke6 51. Re2 Kd7 52. Rb2 Kc6 53. h4
Ra3 54. Rc2 h5 55. g4 hxg4+ 56. Kxg4 Ra1 57. Kf5 Re1 58. Ng2 Rf1 59. h5 Rf3 60.
Kg4 Rd3 61. Ne1 Rd1 62. Ng2 Bc7 63. Kf5 Rd3 64. h6 gxh6 65. Kxf6 Ba5 66. f5
Bxc3 67. Nf4 Bxd4+ 68. Ke6 Re3+ 69. Kf7 Rf3 70. Ne2 Rxf5+ 71. Kg6 Rf6+ 72. Kh5
0-1